000 00266nam a2200097 a 4500
005 20200930070122.0
008 110823s2004 000 spa d
245 0 _aCódigo Civil de la República Dominicana : título preliminar.
260 _c[s.f.].
999 _c32730
_d32730
040 _aDO-SdBNP